1090 1589 1857 1391 1877 1504 1606 1932 1821 1552 1147 1455 1518 1063 1231 1143 1669 1349 1031 1942 1980 1754 1254 1966 1937 1494 1411 1859 1773 1547 1332 1325 1422 1527 1414 1362 1915 1980 1800 1243 1463 1821 1687 1804 1601 1464 1040 1936 1464 1917 1932 1272 1394 1014 1197 1932 1996 1535 1431 1142 1690 1966 1396 1193 1363 1739 1390 1141 1263 1980 1413 1121 1663 1092 1996 1126 1842 1416 1994 1098 1721 1652 1849 1896 1949 1572 1785 1771 1350 1542 1098 1031 1761 1178 1058 1110 1114 1891 1555 BCNSPRNW ULIB Ver.6.0+V

เปลี่ยนเป็นภาษาไทย

Change to English
 แสดงรายละเอียดบรรณานุกรม
  กลับหน้าหลัก

Brief Record : Get Marc (ISO 2709) : E-mail record : QR code < ปิดหน้าต่าง
LEADER : 00000nam 2200000uu 4500
001    13399120931
003     ULIB
008    121026s2550||||th 000 0 tha d
020    ^a9789743444555
050  4 ^aH62^bจ459ก
100 0  ^aจิตราภา กุณฑลบุตร
245 10 ^aการวิจัยสำหรับนักวิจัยรุ่นใหม่ /^cจิตราภา กุณฑลบุตร
250    ^aพิมพ์ครั้งที่ 1
260    ^aกรุงเทพฯ :^bโรงพิมพ์สหธรรมิก,^c2550
300    ^a332 หน้า :^bภาพประกอบ ;^c27 ซม.
650  7 ^aการวิจัย
650  7 ^aนักวิจัย
650  7 ^aวิจัย
650  7 ^aวิจัย^xรวมเรื่อง
945    ^p195^l0^i16479
995    ^aทศพร
999    ^aทศพร เกษรทอง
รายการนี้ยังไม่มีแท็ก
คุณยังไม่ได้ล็อกอิน คุณสามารถมีกิจกรรมร่วมกับเว็บไซต์ได้ แต่ต้องล็อกอินก่อน ::
  ล็อกอิน

รายการสื่อสารสนเทศ

ลำดับที่ ประเภท เลขเรียก/บาร์โค้ด สถานที่ สถานะ
1. วิทยาศาสตร์การแพทย์ และสุขภาพ
วิทยาศาสตร์การแพทย์ และสุขภาพ
H62 จ459ก ฉ.1 
  Barcode: 16479
ห้องสมุดวิทยาเขตสวรรค์ประชารักษ์
►หนังสือทั่วไป
บนชั้น

รายการใกล้เคียง
    ผู้แต่ง [จิตราภา กุณฑลบุตร]

    หัวเรื่อง [การวิจัย]
    หัวเรื่อง [นักวิจัย]
    หัวเรื่อง [วิจัย]

BibComment


ยังไม่เคยถูกคอมเมนท์

คอมเมนท์ทรัพยากรรายการนี้
  คอมเมนท์: การวิจัยสำหรับนั..


 Copyright 2026. Bcnsprnw @Library